Sinhala kala paththara (Record no. 5237)
[ view plain ]
| 000 -LEADER | |
|---|---|
| fixed length control field | 00464nam a2200157Ia 4500 |
| 005 - DATE AND TIME OF LATEST TRANSACTION | |
| control field | 20250616014202.0 |
| 008 - FIXED-LENGTH DATA ELEMENTS--GENERAL INFORMATION | |
| fixed length control field | 240331s9999 xx 000 0 und d |
| 020 ## - INTERNATIONAL STANDARD BOOK NUMBER | |
| ISBN | 955202580X |
| 082 ## - DDC Classification | |
| Item Number - Author Mark | WIJ |
| Class No. | 305 |
| 100 ## - MAIN ENTRY--PERSONAL NAME | |
| Personal name | Wijayasriwardena,V |
| 245 #0 - TITLE STATEMENT | |
| Title | Sinhala kala paththara |
| 260 ## - PUBLICATION, DISTRIBUTION, ETC. | |
| Place of publication, distribution, etc. | Colombo |
| Name of publisher, distributor, etc. | S. Godage & Brothers |
| Date of publication, distribution, etc. | 1997 |
| 300 ## - PHYSICAL DESCRIPTION | |
| Extent (e.g. Volumes, Pages etc.) | 238 p ., |
| 500 ## - GENERAL NOTE | |
| General note | An Experimental study on the anonymous defamatory publication genre of the jungle Newspaper |
| 942 ## - Koha item type (Biblio) | |
| Koha item type | Books in Stacks (Lending) |
| Lost status | Damaged status | Collection code | Home library | Current library | Shelving location | Date acquired | Full call number | Accession Number | Item type |
|---|---|---|---|---|---|---|---|---|---|
| Lending | WERC Library | WERC Library | Social Science Cupboard | 03/31/2024 | 305.949 WIJ | 6336 | Books in Stacks (Lending) |
